[Event "Russian Rapid GP Final 2012"]
[Site "Kirov RUS"]
[Date "2012.12.23"]
[Round "1.1"]
[White "Yudin, Sergei"]
[Black "Maletin, Pavel"]
[Result "1/2-1/2"]
[WhiteTitle "GM"]
[BlackTitle "GM"]
[WhiteElo "2546"]
[BlackElo "2567"]
[WhiteFideId "4159659"]
[BlackFideId "4146786"]
[EventDate "2012.12.23"]

1. e4 c5 2. Nf3 e6 3. c3 Nf6 4. e5 Nd5 5. d4 cxd4 6. cxd4 d6 7. a3 Nc6 8. Bd3
dxe5 9. dxe5 g6 10. O-O Bg7 11. Qe2 O-O 12. Bd2 Qc7 13. Re1 Rd8 14. Nc3 Nxe5 15.
Nxe5 Qxe5 16. Qxe5 Bxe5 17. Rxe5 Nxc3 18. Bxc3 Rxd3 19. Ree1 Bd7 20. Rad1 Rxd1
21. Rxd1 Ba4 22. Rd4 Bc6 23. Rd6 g5 24. Bf6 h6 25. h4 gxh4 26. Bxh4 Kg7 27. Rd8
Rxd8 28. Bxd8 Kg6 29. f3 e5 30. Kf2 f5 31. Bc7 Kf6 32. Bb8 a6 33. Bc7 h5 34. Bb8
f4 35. Bc7 Kf5 36. Bb8 a5 37. Bc7 a4 38. Bb8 Ke6 39. Bc7 Kd5 40. Bb8 Bd7 41. Bc7
h4 42. Bb8 h3 43. gxh3 Bxh3 44. Bc7 Bd7 45. Bb8 Bc6 46. Bc7 Ke6 47. Bb8 Kf5 48.
Bc7 e4 49. fxe4+ Kxe4 50. Ba5 f3 1/2-1/2

[Event "Russian Rapid GP Final 2012"]
[Site "Kirov RUS"]
[Date "2012.12.23"]
[Round "1.2"]
[White "Maletin, Pavel"]
[Black "Yudin, Sergei"]
[Result "1/2-1/2"]
[WhiteTitle "GM"]
[BlackTitle "GM"]
[WhiteElo "2567"]
[BlackElo "2546"]
[WhiteFideId "4146786"]
[BlackFideId "4159659"]
[EventDate "2012.12.23"]

1. c4 e6 2. g3 d5 3. Bg2 dxc4 4. Qa4+ c6 5. Qxc4 b5 6. Qb3 Bb7 7. Nf3 Nf6 8. O-O
Nbd7 9. d4 a6 10. Ne5 Nxe5 11. dxe5 Nd5 12. Nc3 Be7 13. Ne4 Qc7 14. Nd6+ Bxd6
15. exd6 Qxd6 16. Rd1 Qe7 17. e4 Nb6 18. Qc3 O-O 19. b3 c5 20. Qa5 Qc7 21. Bf4
e5 22. Be3 Rac8 23. Rac1 Nd7 24. Qxc7 Rxc7 25. Bh3 Bc8 26. Bxd7 Rxd7 27. Rxd7
Bxd7 28. Rxc5 f6 29. Rc7 Bh3 30. f3 Rc8 31. Rxc8+ 1/2-1/2

[Event "Russian Rapid GP Final 2012"]
[Site "Kirov RUS"]
[Date "2012.12.23"]
[Round "1.3"]
[White "Maletin, Pavel"]
[Black "Yudin, Sergei"]
[Result "1-0"]
[WhiteTitle "GM"]
[BlackTitle "GM"]
[WhiteElo "2567"]
[BlackElo "2546"]
[WhiteFideId "4146786"]
[BlackFideId "4159659"]
[EventDate "2012.12.23"]

1. g3 e6 2. Bg2 d5 3. Nf3 Nf6 4. O-O b5 5. d3 Bb7 6. Nbd2 c5 7. a4 b4 8. e4 Be7
9. Re1 Nc6 10. exd5 Nxd5 11. Nc4 O-O 12. a5 Rc8 13. h4 h6 14. Nfe5 Nxe5 15. Nxe5
Qc7 16. Qe2 Bf6 17. a6 Ba8 18. Ng4 Bd4 19. Kh2 Nf6 20. Nxf6+ Bxf6 21. Bxa8 Rxa8
22. Ra2 Qc6 23. Qe4 Rfc8 24. b3 Rab8 25. Qxc6 Rxc6 26. Re4 Rbb6 27. Be3 Be7 28.
Rc4 Kf8 29. d4 cxd4 30. Bxd4 Rxc4 31. Bxb6 Rc8 32. Bxa7 Ke8 33. Be3 Kd7 34. a7
Ra8 35. h5 Kc6 36. Ra5 f6 37. g4 e5 38. Kg2 Kb7 39. Kf3 Bd8 40. Rb5+ Kc7 41.
Rxb4 Be7 42. Ra4 1-0

[Event "Russian Rapid GP Final 2012"]
[Site "Kirov RUS"]
[Date "2012.12.23"]
[Round "1.1"]
[White "Savchenko, Boris"]
[Black "Ubiennykh, Ekaterina"]
[Result "1-0"]
[WhiteTitle "GM"]
[BlackTitle "WIM"]
[WhiteElo "2571"]
[BlackElo "2360"]
[WhiteFideId "4147332"]
[BlackFideId "4137582"]
[EventDate "2012.12.23"]

1. e4 c6 2. d4 d5 3. Nc3 dxe4 4. Nxe4 Bf5 5. Nc5 e5 6. Nxb7 Qb6 7. Nc5 exd4 8.
Nb3 Bb4+ 9. Bd2 Nd7 10. Nf3 c5 11. c3 dxc3 12. bxc3 Ba3 13. Bc4 Ne7 14. O-O O-O
15. Re1 Ng6 16. Ng5 Nde5 17. Bd5 Rad8 18. c4 Qf6 19. Nxh7 Kxh7 20. Qh5+ Kg8 21.
Bg5 Qd6 22. Bxd8 Bg4 23. Qg5 Rxd8 24. f4 Nd3 25. Re3 Ndxf4 26. Qxg4 Nxd5 27.
cxd5 Qxd5 28. Ree1 Ne5 29. Qf5 f6 30. Rad1 Nd3 31. Re8+ Kf7 32. Qxd5+ Rxd5 33.
Ra8 c4 34. Rxa7+ Be7 35. Nc1 Ke6 36. Nxd3 cxd3 37. Re1+ Re5 38. Rxe5+ fxe5 39.
Kf1 e4 40. a4 e3 41. Rb7 Bc5 42. Rb3 d2 43. Ke2 Kd5 44. a5 Kc4 45. Rb1 Kc3 46.
a6 Kc2 47. Rf1 Bd4 48. h4 Kb3 49. g4 Bc5 50. h5 Ka4 51. g5 Kb5 52. Rf5 1-0

[Event "Russian Rapid GP Final 2012"]
[Site "Kirov RUS"]
[Date "2012.12.23"]
[Round "1.2"]
[White "Ubiennykh, Ekaterina"]
[Black "Savchenko, Boris"]
[Result "0-1"]
[WhiteTitle "WIM"]
[BlackTitle "GM"]
[WhiteElo "2360"]
[BlackElo "2571"]
[WhiteFideId "4137582"]
[BlackFideId "4147332"]
[EventDate "2012.12.23"]

1. d4 Nf6 2. c4 e6 3. Nf3 c5 4. d5 b5 5. Bg5 b4 6. Qc2 Be7 7. e4 d6 8. Nbd2 Nxd5
9. Bxe7 Nxe7 10. O-O-O Qc7 11. Bd3 e5 12. Nf1 Bg4 13. Ne3 Bxf3 14. gxf3 Nbc6 15.
Rdg1 Nd4 16. Qd1 O-O 17. f4 exf4 18. Qg4 Ng6 19. Nd5 Qb7 20. Nxf4 f5 21. exf5
Ne5 22. Qd1 Nxd3+ 23. Qxd3 Rxf5 24. Nd5 Rxf2 25. Re1 Qf7 26. Rhg1 Rf8 27. Rg4
Rc2+ 28. Kb1 Rxb2+ 29. Kc1 Rxh2 30. Rf4 Qxf4+ 31. Nxf4 Rxf4 32. Qe3 Rf8 33. Qe7
h6 34. Qxd6 Rff2 35. Qd5+ Kh7 36. Qe4+ Rf5 37. Kb1 Rf2 38. Rg1 Ne2 39. Rc1 Nc3+
40. Rxc3 bxc3 41. Qd3 c2+ 42. Kb2 h5 43. Qe4 Kg6 44. a4 a5 45. Kc1 Kf6 46. Qe8
Kg5 47. Qe7+ Kg4 48. Qxg7+ Kh3 49. Qc3+ R5f3 50. Qe5 h4 51. Qxc5 Rg2 52. Qc8+
Kh2 53. Qb8+ Kh1 0-1

[Event "Russian Rapid GP Final 2012"]
[Site "Kirov RUS"]
[Date "2012.12.23"]
[Round "1.3"]
[White "Shomoev, Anton"]
[Black "Smirnov, Pavel"]
[Result "1-0"]
[WhiteTitle "GM"]
[BlackTitle "GM"]
[WhiteElo "2564"]
[BlackElo "2610"]
[WhiteFideId "4135148"]
[BlackFideId "4123425"]
[EventDate "2012.12.23"]

1. d4 d5 2. c4 e6 3. Nf3 Nf6 4. g3 Bb4+ 5. Bd2 Be7 6. Bg2 c6 7. O-O b6 8. Qb3
Ba6 9. cxd5 cxd5 10. Nc3 O-O 11. Rfc1 Nc6 12. Bf4 Rc8 13. Qa4 Bb7 14. Ne5 Nxe5
15. Bxe5 a6 16. Qb3 Nd7 17. Bf4 b5 18. a4 b4 19. a5 bxc3 20. Qxb7 e5 21. Bxe5
Nxe5 22. bxc3 Nc4 23. Qxa6 Qd7 24. Rcb1 Rc7 25. Qb5 Qd8 26. Qxd5 Nd6 27. a6 Ra7
28. c4 Qc8 29. c5 Nf5 30. Bh3 g6 31. e4 Rd8 32. Qa2 Rxd4 33. exf5 Bxc5 34. Qe2
Qd8 35. Qf3 Rd2 36. Rf1 Qd4 37. fxg6 hxg6 38. Rad1 Rxa6 39. Rxd2 Qxd2 40. Kg2
Kg7 41. Bc8 Rd6 42. Bb7 Qd4 43. h4 Qf6 44. Qe2 Qe6 45. Qc2 Bd4 46. Qc3 Qf6 47.
Bf3 Be5 48. Qb3 Rb6 49. Rc1 Rd6 50. Qc4 Rd4 51. Qe2 Rd6 52. Rc4 Re6 53. Qd3 Bd6
54. Re4 Qe5 55. Qe2 Qf6 56. Qd3 Be7 57. Qd1 Qe5 58. Qd3 Bf6 59. Qe2 Qd4 60. Qa6
Qb2 61. Be2 Qd4 1-0

[Event "Russian Rapid GP Final 2012"]
[Site "Kirov RUS"]
[Date "2012.12.23"]
[Round "1.1"]
[White "Artemiev, Vladislav"]
[Black "Galkin, Alexander"]
[Result "1-0"]
[WhiteTitle "IM"]
[BlackTitle "GM"]
[WhiteElo "2474"]
[BlackElo "2626"]
[WhiteFideId "24101605"]
[BlackFideId "4120426"]
[EventDate "2012.12.23"]

1. e4 c6 2. Nc3 d5 3. Nf3 Bg4 4. h3 Bxf3 5. Qxf3 e6 6. d3 Nd7 7. Bd2 Bc5 8. Qg3
Qf6 9. f4 Ne7 10. O-O-O O-O-O 11. Be2 Bd4 12. Rhf1 h5 13. Kb1 g6 14. Bf3 Qg7 15.
Qe1 Rhe8 16. g3 Kb8 17. a3 Nc8 18. Na4 Ndb6 19. Nxb6 Bxb6 20. e5 Ne7 21. g4 hxg4
22. hxg4 Rh8 23. Bb4 c5 24. Bd2 Bc7 25. Be3 d4 26. Bd2 g5 27. fxg5 Qxe5 28. Be4
Qg7 29. Qf2 Rhf8 30. Rh1 Nd5 31. Rh7 Qg8 32. Rdh1 Be5 33. Qg2 Rfe8 34. Qf3 Rf8
35. R1h5 Bg7 36. Qg3+ Ka8 37. Qg2 Rfe8 38. Rh1 Re7 39. R7h5 Red7 40. Rf1 Rc8 41.
Rh3 a6 42. Rhf3 Ka7 43. Qf2 Rcc7 44. Ba5 b6 45. Bd2 Ne3 46. Bxe3 dxe3 47. Qxe3
Bd4 48. Qf4 Qg7 49. c3 Be5 50. Qe3 Rc8 51. Qf2 Rcc7 52. Qe3 Rc8 53. Rh3 Rh8 54.
Rh6 Bc7 55. Bc6 Re7 56. Bg2 Rb8 1-0

[Event "Russian Rapid GP Final 2012"]
[Site "Kirov RUS"]
[Date "2012.12.23"]
[Round "1.2"]
[White "Galkin, Alexander"]
[Black "Artemiev, Vladislav"]
[Result "1-0"]
[WhiteTitle "GM"]
[BlackTitle "IM"]
[WhiteElo "2626"]
[BlackElo "2474"]
[WhiteFideId "4120426"]
[BlackFideId "24101605"]
[EventDate "2012.12.23"]

1. c4 e5 2. a3 Nf6 3. Nc3 c6 4. d4 exd4 5. Qxd4 d5 6. Nf3 Be7 7. cxd5 cxd5 8. e3
O-O 9. Be2 Nc6 10. Qd3 Bg4 11. O-O Qd7 12. b4 Rfd8 13. Rd1 Bf5 14. Qb5 Bc2 15.
Rd2 a6 16. Qb6 Bg6 17. b5 axb5 18. Qxb5 Ra5 19. Qb3 Rda8 20. Bb2 Bh5 21. Rad1
Bxf3 22. Bxf3 Bxa3 23. Nxd5 Nxd5 24. Bxd5 Qe7 25. Bc3 Rc5 26. Ra2 Ra6 27. e4 h6
28. h3 Kh7 29. Be1 Bb4 30. Rxa6 Bxe1 31. Rb6 Bc3 32. Rxb7 Qg5 33. Rxf7 Nd4 34.
Qa2 Ra5 35. Qc4 Ra3 36. Rf8 Qe7 37. Qc8 h5 38. Rxd4 Ra1+ 39. Kh2 Qe5+ 40. f4
Qxd4 41. Rh8+ 1-0

[Event "Russian Rapid GP Final 2012"]
[Site "Kirov RUS"]
[Date "2012.12.23"]
[Round "1.3"]
[White "Artemiev, Vladislav"]
[Black "Galkin, Alexander"]
[Result "1-0"]
[WhiteTitle "IM"]
[BlackTitle "GM"]
[WhiteElo "2474"]
[BlackElo "2626"]
[WhiteFideId "24101605"]
[BlackFideId "4120426"]
[EventDate "2012.12.23"]

1. b3 d5 2. Bb2 Nf6 3. e3 e6 4. f4 g6 5. Nf3 Bg7 6. Be2 c5 7. O-O O-O 8. Ne5
Nfd7 9. d4 Nc6 10. Nd2 cxd4 11. exd4 Qb6 12. Nxc6 bxc6 13. Nf3 c5 14. Kh1 Ba6
15. dxc5 Bxe2 16. Qxe2 Qxc5 17. Ne5 Nxe5 18. fxe5 Rac8 19. Rf2 d4 20. Re1 Rfd8
21. Qf3 Rc7 22. Rfe2 Rd5 23. Qf4 h5 24. h3 Qa5 25. a4 Rxc2 26. Bxd4 Rxe2 27.
Rxe2 Qb4 28. Re4 Qxb3 29. Bxa7 Qa3 30. Bf2 Qa1+ 31. Re1 Rd1 32. Rxd1 Qxd1+ 33.
Kh2 Qa1 34. Bg3 Qc3 35. h4 Qa1 36. Qe4 Kh7 37. Bf4 Qa2 38. Qb7 Qxa4 39. Qxf7 Qe4
40. Bg3 Qf5 41. Qe7 Qg4 42. Qf7 Qf5 43. Qd7 Kg8 44. Qc8+ Kh7 45. Qc7 Kg8 46. Kg1
Kh7 47. Qc3 Qg4 48. Kf2 Qf5+ 49. Ke3 Qg4 50. Kd2 Bh6+ 51. Kc2 Qe4+ 52. Kb3 Qxg2
53. Qd3 Qb7+ 54. Ka4 Bg7 55. Ka5 Qc6 56. Qd4 Bf8 57. Qd8 Bc5 58. Bf4 Qb7 59. Bg5
Qf7 60. Bf6 Bf8 61. Kb6 Bg7 62. Kc6 Bf8 63. Qd7 Kg8 64. Qd8 Kh7 65. Qc8 Kg8 66.
Bg5 Kh7 67. Qd8 Bg7 68. Kd6 Bf8+ 69. Be7 Bg7 70. Qd7 Qf4 71. Bf6 Qd4+ 72. Kxe6
Qxd7+ 73. Kxd7 Bf8 74. e6 g5 75. Bxg5 1-0

[Event "Russian Rapid GP Final 2012"]
[Site "Kirov RUS"]
[Date "2012.12.23"]
[Round "1.1"]
[White "Sukhareva, Evgeniya"]
[Black "Sjugirov, Sanan"]
[Result "0-1"]
[BlackTitle "GM"]
[WhiteElo "2250"]
[BlackElo "2643"]
[WhiteFideId "4167155"]
[BlackFideId "4189302"]
[EventDate "2012.12.23"]

1. d4 Nf6 2. c4 g6 3. Nf3 Bg7 4. g3 O-O 5. Bg2 d6 6. O-O Nc6 7. Nc3 Rb8 8. b3 a6
9. Bb2 b5 10. d5 Na5 11. cxb5 axb5 12. e3 b4 13. Ne2 Bb7 14. Nf4 c5 15. dxc6
Nxc6 16. a3 bxa3 17. Rxa3 e5 18. Ne2 Qe7 19. Nc3 d5 20. Ra1 Rfd8 21. Ba3 Qe8 22.
Bc5 d4 23. exd4 Nxd4 24. Nxd4 Bxg2 25. Kxg2 exd4 26. Na4 Qc6+ 27. Kg1 Ne4 28. b4
d3 29. Rb1 d2 30. Qb3 Nxc5 31. Nxc5 Qxc5 32. bxc5 Rxb3 33. Rxb3 d1=Q 34. Rxd1
Rxd1+ 35. Kg2 Rc1 36. Rb8+ Bf8 0-1

[Event "Russian Rapid GP Final 2012"]
[Site "Kirov RUS"]
[Date "2012.12.23"]
[Round "1.1"]
[White "Ponkratov, Pavel"]
[Black "Stukopin, Andrey"]
[Result "1/2-1/2"]
[WhiteTitle "GM"]
[BlackTitle "IM"]
[WhiteElo "2589"]
[BlackElo "2492"]
[WhiteFideId "4157800"]
[BlackFideId "24107131"]
[EventDate "2012.12.23"]

1. c4 e5 2. Nc3 Nf6 3. Nf3 Nc6 4. g3 Bb4 5. Bg2 O-O 6. Nd5 Bd6 7. d3 Nxd5 8.
cxd5 Ne7 9. Nd2 c6 10. Nc4 Bb4+ 11. Bd2 Bxd2+ 12. Qxd2 d6 13. dxc6 Nxc6 14. O-O
Be6 15. b4 d5 16. Na5 Nxa5 17. bxa5 Rc8 18. Rab1 Rc5 19. Rxb7 Qxa5 20. Qb2 d4
21. f4 Qxa2 22. Qxa2 Bxa2 23. Rxa7 Bd5 24. Bxd5 Rxd5 25. f5 Re8 26. Kg2 Rd6 27.
g4 h6 28. h4 e4 29. Rb1 exd3 30. exd3 g6 31. Rbb7 gxf5 32. Rxf7 Rg6 33. Rxf5
Rxg4+ 34. Kh3 Rg1 35. Rd5 Rd1 36. Kg4 Rxd3 37. Kh5 Rde3 38. Kxh6 1/2-1/2

[Event "Russian Rapid GP Final 2012"]
[Site "Kirov RUS"]
[Date "2012.12.23"]
[Round "1.2"]
[White "Stukopin, Andrey"]
[Black "Ponkratov, Pavel"]
[Result "1-0"]
[WhiteTitle "IM"]
[BlackTitle "GM"]
[WhiteElo "2492"]
[BlackElo "2589"]
[WhiteFideId "24107131"]
[BlackFideId "4157800"]
[EventDate "2012.12.23"]

1. e4 e6 2. d4 d5 3. Nc3 Bb4 4. e5 c5 5. a3 Bxc3+ 6. bxc3 Qc7 7. Nf3 Ne7 8. h4
Bd7 9. h5 h6 10. Bd3 Ba4 11. O-O Nd7 12. Nh4 c4 13. Be2 g5 14. Nf3 O-O-O 15. Nh2
f5 16. exf6 Nxf6 17. Ng4 Ne4 18. Bd2 Rdf8 19. Ne5 Rf6 20. Be1 Nc6 21. f3 Nd6 22.
Ng6 Re8 23. Bg3 Qd8 24. Qd2 Nf5 25. Bh2 Nh4 26. f4 Nxg6 27. hxg6 Rg8 28. Bh5 Rf5
29. g4 Rff8 30. fxg5 hxg5 31. Rxf8 Qxf8 32. Rf1 Qd8 33. Rf7 e5 34. dxe5 Qb6+ 35.
Kg2 Nd8 36. Rf6 Bc6 37. Kh3 Qc5 38. e6 b6 39. Qxg5 Qxa3 40. Qe5 Kb7 41. e7 d4
42. exd8=Q Qxc3+ 43. Kh4 Rxd8 44. Qc7+ Ka6 45. Qxd8 d3 46. cxd3 cxd3 47. Qc8+
Ka5 48. Qxc6 1-0

[Event "Russian Rapid GP Final 2012"]
[Site "Kirov RUS"]
[Date "2012.12.23"]
[Round "2.1"]
[White "Shomoev, Anton"]
[Black "Savchenko, Boris"]
[Result "1-0"]
[WhiteTitle "GM"]
[BlackTitle "GM"]
[WhiteElo "2564"]
[BlackElo "2571"]
[WhiteFideId "4135148"]
[BlackFideId "4147332"]
[EventDate "2012.12.23"]

1. d4 Nc6 2. Nf3 d6 3. c4 e5 4. Nc3 g6 5. g3 Bg7 6. dxe5 Nxe5 7. Nxe5 Bxe5 8.
Bg2 Bg7 9. O-O Nf6 10. Bf4 O-O 11. c5 Nh5 12. Be3 Re8 13. cxd6 Rxe3 14. fxe3
cxd6 15. Qb3 Be6 16. Bd5 Qe7 17. Bxe6 fxe6 18. Rf3 Be5 19. Raf1 Nf6 20. Qa4 Rc8
21. Ne4 Nxe4 22. Qxe4 Rc7 23. b3 Kg7 24. Kg2 Qe8 25. Rd1 Qb5 26. Qd3 Qa5 27. Qd2
Qa3 28. Rff1 Qa6 29. Rc1 Re7 30. Qc2 Qb6 31. Qc8 Kh6 32. Qf8+ Rg7 33. Rf3 d5 34.
g4 Kg5 35. Rh3 Qd6 36. Qf2 h5 37. gxh5 gxh5 38. Kh1 Kh6 39. Qf3 Rg5 40. Rg1 Qe7
41. Rxg5 Qxg5 42. Qf8+ Bg7 43. Qf7 Qe5 44. Qf4+ Kg6 45. Rg3+ Kh7 46. Qxe5 Bxe5
47. Rg5 Bf6 48. Rxh5+ Kg6 49. Rh3 e5 50. Kg2 e4 51. Rg3+ Kf7 52. Kf1 Be7 53. Rg4
Kf6 54. h4 Kf5 55. Rg7 Bxh4 56. Rxb7 Bg5 57. Rxa7 Bxe3 58. Rc7 Ke5 59. Ke1 Bf4
60. Kd1 Kd4 61. Rc6 Ke3 62. a4 d4 63. Rf6 Bb8 64. Rf8 Bd6 65. Rd8 Bb4 66. Rd5
Bc3 67. a5 1-0

[Event "Russian Rapid GP Final 2012"]
[Site "Kirov RUS"]
[Date "2012.12.23"]
[Round "2.2"]
[White "Savchenko, Boris"]
[Black "Shomoev, Anton"]
[Result "0-1"]
[WhiteTitle "GM"]
[BlackTitle "GM"]
[WhiteElo "2571"]
[BlackElo "2564"]
[WhiteFideId "4147332"]
[BlackFideId "4135148"]
[EventDate "2012.12.23"]

1. e4 c5 2. Nf3 d6 3. d4 cxd4 4. Nxd4 Nf6 5. Nc3 a6 6. Bg5 e6 7. f4 b5 8. e5
dxe5 9. fxe5 Qc7 10. exf6 Qe5+ 11. Be2 Qxg5 12. Qd3 Ra7 13. Ne4 Qe5 14. O-O-O
Rd7 15. Qc3 Bb7 16. Nxb5 Qxc3 17. Nbxc3 Rxd1+ 18. Rxd1 gxf6 19. Bf3 Ke7 20. b4
f5 21. Nc5 Bxf3 22. gxf3 Rg8 23. Re1 Rg2 24. Nd5+ Kd6 25. Nf4 Bh6 26. Nxe6 Rxh2
27. Nd4 Bxf4+ 28. Kb1 Rh5 29. Rd1 Ke7 30. c4 Be5 31. Nb3 Rh2 32. Re1 Kf6 33. f4
Bc3 0-1

[Event "Russian Rapid GP Final 2012"]
[Site "Kirov RUS"]
[Date "2012.12.23"]
[Round "2.1"]
[White "Sjugirov, Sanan"]
[Black "Stukopin, Andrey"]
[Result "1/2-1/2"]
[WhiteTitle "GM"]
[BlackTitle "IM"]
[WhiteElo "2643"]
[BlackElo "2492"]
[WhiteFideId "4189302"]
[BlackFideId "24107131"]
[EventDate "2012.12.23"]

1. d4 c5 2. d5 d6 3. c4 g6 4. Nc3 Bg7 5. e4 e6 6. Bd3 exd5 7. exd5 Nd7 8. Nf3
Qe7+ 9. Qe2 Qxe2+ 10. Kxe2 Ne5 11. Nxe5 Bxe5 12. Re1 Ne7 13. Kf1 Kd8 14. Bg5 f6
15. Bd2 g5 16. h3 h5 17. Rab1 b6 18. Ne2 g4 19. Nf4 Bf5 20. Bxf5 Nxf5 21. Re4
Kd7 22. b3 Rag8 23. Ne6 Nd4 24. Nxd4 Bxd4 25. Rbe1 Be5 26. f4 gxf3 27. gxf3 f5
28. R4e2 f4 29. Rg2 Rxg2 30. Kxg2 Rg8+ 31. Kf2 Rg3 32. h4 Rh3 33. Kg2 Rg3+ 34.
Kf2 Rh3 35. Kg2 Rg3+ 36. Kf2 Rh3 1/2-1/2

[Event "Russian Rapid GP Final 2012"]
[Site "Kirov RUS"]
[Date "2012.12.23"]
[Round "2.3"]
[White "Stukopin, Andrey"]
[Black "Sjugirov, Sanan"]
[Result "0-1"]
[WhiteTitle "IM"]
[BlackTitle "GM"]
[WhiteElo "2492"]
[BlackElo "2643"]
[WhiteFideId "24107131"]
[BlackFideId "4189302"]
[EventDate "2012.12.23"]

1. Nf3 Nf6 2. g3 g6 3. Bg2 Bg7 4. O-O O-O 5. d3 d6 6. c4 e5 7. Nc3 Nc6 8. Rb1 a5
9. a3 h6 10. b4 axb4 11. axb4 Be6 12. b5 Ne7 13. d4 Nd7 14. dxe5 dxe5 15. Qb3 f5
16. Rd1 Qc8 17. Nd5 Nxd5 18. cxd5 Bf7 19. Ba3 Rd8 20. Rbc1 Nb6 21. Ne1 e4 22.
Be7 Rd7 23. Bc5 Nxd5 24. Qc2 c6 25. f3 exf3 26. Bxf3 Qe8 27. bxc6 bxc6 28. Ng2
Nc3 29. Bb4 0-1

[Event "Russian Rapid GP Final 2012"]
[Site "Kirov RUS"]
[Date "2012.12.23"]
[Round "3.1"]
[White "Artemiev, Vladislav"]
[Black "Sjugirov, Sanan"]
[Result "1-0"]
[WhiteTitle "IM"]
[BlackTitle "GM"]
[WhiteElo "2474"]
[BlackElo "2643"]
[WhiteFideId "24101605"]
[BlackFideId "4189302"]
[EventDate "2012.12.23"]

1. b3 d5 2. Bb2 Bg4 3. Nf3 Bxf3 4. gxf3 e6 5. e3 Nd7 6. c4 c6 7. Nc3 Ngf6 8. f4
g6 9. d4 Be7 10. Bg2 Qa5 11. a3 O-O 12. O-O Rfc8 13. Qe2 Qd8 14. Rfd1 Qf8 15.
Kh1 Ne8 16. e4 dxe4 17. d5 exd5 18. cxd5 Ndf6 19. dxc6 bxc6 20. Nxe4 Nxe4 21.
Qxe4 Bf6 22. Be5 Qe7 23. Qb4 Qe6 24. Re1 Bxe5 25. Rxe5 Qf6 26. Rae1 Ng7 27. Qc4
Rab8 28. b4 Nh5 29. f5 Ng7 30. fxg6 hxg6 31. Qd4 Rf8 32. Rd5 Qxd4 33. Rxd4 Ne6
34. Rc4 Rfc8 35. Rec1 Rd8 36. Bxc6 Rd2 37. Kg2 Kg7 38. Bf3 g5 39. Rd1 Ra2 40.
Rc3 Rh8 41. Bg4 Nf4+ 42. Kg3 Rh6 43. Re1 Rf6 44. Rf3 Kh6 45. Rh1 Ne2+ 46. Kg2
Nf4+ 47. Kg3 Ne2+ 48. Kg2 Rxf3 49. Kxf3 Nf4 50. h4 Rxa3+ 51. Ke4 Rb3 52. Kf5 Ne6
53. Kf6 Kh7 54. hxg5+ Kg8 55. g6 Nd8 56. g7 1-0